000 00716nam a2200193 a 4500
001 000046025
005 20250207101102.0
008 150611s2009 dr ac 000 0 spa d
020 _a9789945861311
040 _aDO-SdBNP
_bspa
_cBNPHU
082 _axxxx
_bxxxx
100 1 _aTejera, Eduardo J
_b1947-
_910749
245 1 3 _aLa ayuda de España y Cuba a la independencia norteamericana :
_buna historia olvidada /
_cEduardo J. Tejera Y Curbelo.
260 _aSanto Domingo :
_bLuz de Luna,
_c2009.
300 _a296 p. :
_bil., retrs. ;
_c23 cm.
500 _aIncluye datos biográficos del autor
500 _aIncluye referencias bibliográficas y notas al pie de las páginas.
504 _aBibliografía : p. 285-293
999 _c45514
_d45514